Gobierno de España (XV Legislatura) - Estadísticas

Estadísticas generales
  • Esta prueba ha sido intentada 18 veces
  • La puntuación promedio es 10 de 23
Respuestas en el mapa
Las respuestas están codificadas por una escala verde-roja en el mapa de la prueba según el % correcto abajo.
 
Estadísticas de respuestas
Cargo Diputado % Correcto
Presidente del Gobierno Pedro Sánchez Pérez-Castejón
100%
Vicepresidenta Primera del Gobierno y Ministra de Hacienda María Jesús Montero Cuadrado
67%
Vicepresidenta Segunda del Gobierno y Ministra de Trabajo y Economía Social Yolanda Díaz Pérez
67%
Ministro de Transportes y Movilidad Sostenible Óscar Puente Santiago
53%
Ministro de la Presidencia, Justicia y Relaciones con las Cortes Félix Bolaños García
47%
Ministro de Interior Fernando Grande-Marlaska Gómez
47%
Ministra de Defensa Margarita Robles Fernández
47%
Ministra de Sanidad Mónica García Gómez
47%
Ministro de Política Territorial y Memoria Democrática Ángel Víctor Torres Pérez
40%
Ministro de Economía, Comercio y Empresa Carlos Cuerpo Caballero
40%
Ministro de Asuntos Exteriores, Unión Europea y Cooperación José Manuel Albares Bueno
40%
Ministro de Derechos Sociales, Consumo y Agenda 2030 Pablo Bustinduy Amador
40%
Vicepresidenta Tercera del Gobierno y Ministra para la Transición Ecológica y el Reto Demográfico Sara Aagesen Muñoz
40%
Ministra de Igualdad Ana María del Carmen Redondo García
33%
Ministra de Ciencia, Innovación y Universidades Diana Morant Ripoll
33%
Ministro de Cultura Ernest Urtasun Domènech
33%
Ministra de Vivienda y Agenda Urbana Isabel Rodríguez García
33%
Ministro de Agricultura, Pesca y Alimentación Luis Planas Puchades
33%
Ministra de Educación, Formación Profesional y Deportes María Pilar Alegría Continente
33%
Ministra de Juventud e Infancia Sira Abed Rego
33%
Ministro de Industria y Turismo Jordi Hereu Boher
27%
Ministra de Inclusión, Seguridad Social y Migraciones Elma Saiz Delgado
20%
Ministro para la Transformación Digital y de la Función Pública Óscar López Águeda
20%
No se encontraron pruebas coincidentes
Distribución de puntuación
Porcentaje de gente con cada puntuación
Porcentaje por número respondido
Historial de tus puntuaciones
No has intentado esta prueba.